000 00268nam a2200109Ia 4500
008 220216s9999 xx 000 0 und d
100 _aMullins L
245 0 _aEffect of temperature on resilience
260 _bIRI Transactions
_c1946
300 _a235-257
942 _cJS
999 _c58191
_d58191